| 000 | 00446nam a2200133Ia 4500 | ||
|---|---|---|---|
| 999 |
_c15310 _d15310 |
||
| 082 | _a327.5405 KAU-I | ||
| 100 | _aKaushik, Devendr; | ||
| 245 | 0 | _aIndia and central Asia in modern times: a study in historical cultural contracts from the early ninteenth century | |
| 260 |
_aNew Delhi _bSatvahan Publications _c1985 |
||
| 300 | _a134p. | ||
| 650 | _aIndia - Foreign relations | ||
| 650 | _aAsia, Central - Foreign relations - India | ||
| 942 | _cBK | ||